000 00572nam a2200181Ia 4500
003 OSt
005 20250924121610.0
008 220923b |||||||| |||| 00| 0 eng d
037 _cReference
040 _aRTL
_cRTL
_beng
041 _2eng
_aeng
084 _aR.58 L7/SC
_qRTL
245 0 _aPhilosophy in the USSR : problems of dialectical materialism.
260 _aMoscow
_bProgress publishers
_c1977
300 _a268p.
_ccm.
_bincludes bibliographical references and index.
942 _hR.58, L7/SC
_cREF
_2CC
_n0
999 _c591123
_d591123